000 00871nmm a2200289 a 4500
001 ocm000565194
003 TR-IsHL
005 20201028115241.0
008 130625s2004 tu tur
007 cr cn
020 _a9789753852876
035 _a565194
_b(N$T)
050 0 4 _aPQ2617.S85
_bK6 2004
090 0 4 _aPQ2617.S85
_bK6 2004
100 1 _aIstrati, Panait
245 1 0 _aKodin
_h[electronic resource] /
_cPanait Istrati ; çev. Nurten Tunç
250 _a3. bs.
260 _aİstanbul :
_bOda Yayınları,
_c2004
300 _a112 p.
650 4 _aDil ve Edebiyat
650 4 _aLanguage and Literature
650 0 _aRomen romanı
650 0 _aRomanian fiction
650 7 _aFICTION / Romance / General
_2bisacsh
700 1 _aTunç, Nurten
856 4 0 _uhttp://search.ebscohost.com/login.aspx?direct=true&scope=site&db=e011xww&AN=565194
999 _c154
_d154